00260nam a22001097a 4500020001800000082001500018100001700033245002700050260003400077300001600111650002300127 a9789692316927 a954.92 JUN aJunaid Ahmed aBangladesh ki takhleeq aPakistanbAJA Publisherc2018 axviii,540 P aFasany aur Haqqaqu